Central Library OPAC University of Rajshahi

Advanced calculus / (Record no. 51045)

MARC details
000 -LEADER
fixed length control field 00950nam a2200301 a 4500
001 - CONTROL NUMBER
control field 51045
003 - CONTROL NUMBER IDENTIFIER
rucl marc code BD-RjUL
005 - DATE AND TIME OF LATEST TRANSACTION
control field 20211209075613.0
008 - FIXED-LENGTH DATA ELEMENTS--GENERAL INFORMATION
fixed length control field 160829s19781956nyua b 001 0 eng d
020 ## - INTERNATIONAL STANDARD BOOK NUMBER
International Standard Book Number 0070087288
035 ## - SYSTEM CONTROL NUMBER
System control number (BD-RjUL) 51165
040 ## - CATALOGING SOURCE
Original cataloging agency DLC
Transcribing agency DLC
Modifying agency WQM
-- BD-RjUL
Language of cataloging eng
041 ## - LANGUAGE CODE
Language code of text/sound track or separate title eng
082 ## - DEWEY DECIMAL CLASSIFICATION NUMBER
Classification number 515
Edition number 23
Author mark and year BUA 1978
100 1# - MAIN ENTRY--PERSONAL NAME
Personal name Buck, R. Creighton
Fuller form of name (Robert Creighton),
Dates associated with a name 1920-
9 (RLIN) 152679
245 10 - TITLE STATEMENT
Title Advanced calculus /
Statement of responsibility, etc. R. Creighton Buck ; Ellen F. Buck,
246 ## - VARYING FORM OF TITLE
Remainder of title 3rd.ed.
260 ## - PUBLICATION, DISTRIBUTION, ETC. (IMPRINT)
Place of publication, distribution, etc. London :
Name of publisher, distributor, etc. McGraw-Hill,
Date of publication, distribution, etc. 1978
300 ## - PHYSICAL DESCRIPTION
Pagination xi,622 p. :
Illustrations ill. ;
Size 24 cm.
490 ## - SERIES STATEMENT
Series statement International series in pure and applied mathematics.
500 ## - GENERAL NOTE
General note Includes index.
650 #0 - SUBJECT ADDED ENTRY--TOPICAL TERM
Topical term or geographic name as entry element Calculus.
9 (RLIN) 152680
Topical term or geographic name as entry element Mathematical analysis.
9 (RLIN) 152681
Topical term or geographic name as entry element Mathematics.
9 (RLIN) 152682
700 ## - ADDED ENTRY--PERSONAL NAME
Personal name Buck, Ellen F.
830 #0 - SERIES ADDED ENTRY--UNIFORM TITLE
Uniform title International series in pure and applied mathematics.
942 ## - ADDED ENTRY ELEMENTS (KOHA)
Source of classification or shelving scheme Dewey Decimal Classification
Koha item type Books
Holdings
Lost status Source of classification or shelving scheme Damaged status Not for loan Collection code Permanent Location Current Location Shelving location Date acquired Source of acquisition Cost, normal purchase price Total Checkouts Full call number Date last seen Copy number Koha item type
  Dewey Decimal Classification     Non-fiction Central Library, University of Rajshahi Central Library, University of Rajshahi   26/06/1988 Manik Bro 38.00   515 BUA 1978 29/08/2016 C-2 Books
  Dewey Decimal Classification     Non-fiction Central Library, University of Rajshahi Central Library, University of Rajshahi   26/06/1988 Manik Bro 38.00   515 BUA 1978 29/08/2016 C-3 Books
  Dewey Decimal Classification   Not For Loan Non-fiction Central Library, University of Rajshahi Central Library, University of Rajshahi Reading Room 26/06/1988 Manik Bro. 38.50   515 BUA 1978 13/04/2017 C-1 Books